Động vật chí Việt Nam = Fauna of Vietnam

Gespeichert in:
Bibliographische Detailangaben
1. Verfasser: Nguyễn Thị Lê
Format: Buch
Sprache:Undetermined
Veröffentlicht: Hà Nội KHKT 2000
Schlagworte:
Tags: Tag hinzufügen
Keine Tags, Fügen Sie den ersten Tag hinzu!
Thư viện lưu trữ: Trung tâm Học liệu Trường Đại học Cần Thơ
LEADER 00503nam a2200181Ia 4500
001 CTU_45376
008 210402s9999 xx 000 0 und d
082 |a 591.9597 
082 |b Đ455/T8 
100 |a Nguyễn Thị Lê 
245 0 |a Động vật chí Việt Nam 
245 0 |b = Fauna of Vietnam 
245 0 |c Nguyễn Thị Lê 
260 |a Hà Nội 
260 |b KHKT 
260 |c 2000 
650 |a zoology - vietnam 
980 |a Trung tâm Học liệu Trường Đại học Cần Thơ